<?xml version="1.0" encoding="UTF-8"?>
<record
    xmlns:xsi="http://www.w3.org/2001/XMLSchema-instance"
    xsi:schemaLocation="http://www.loc.gov/MARC21/slim http://www.loc.gov/standards/marcxml/schema/MARC21slim.xsd"
    xmlns="http://www.loc.gov/MARC21/slim">

  <leader>02473cam a22003255a 4500</leader>
  <controlfield tag="001">18230477</controlfield>
  <controlfield tag="005">20230213104316.0</controlfield>
  <controlfield tag="008">140717t2014    moua   frbf   001 0 eng d</controlfield>
  <datafield tag="020" ind1=" " ind2=" ">
    <subfield code="a">9780323089494</subfield>
  </datafield>
  <datafield tag="020" ind1=" " ind2=" ">
    <subfield code="a">0323089496</subfield>
  </datafield>
  <datafield tag="040" ind1=" " ind2=" ">
    <subfield code="a">NLM</subfield>
    <subfield code="b">eng</subfield>
    <subfield code="c">NLM</subfield>
    <subfield code="d">UKMGB</subfield>
    <subfield code="d">OCLCO</subfield>
    <subfield code="d">YDXCP</subfield>
    <subfield code="d">SPB</subfield>
    <subfield code="d">VET</subfield>
    <subfield code="d">TPH</subfield>
    <subfield code="d">VAM</subfield>
    <subfield code="d">DNF</subfield>
    <subfield code="d">CLE</subfield>
    <subfield code="d">WUM</subfield>
    <subfield code="d">OCLCO</subfield>
    <subfield code="d">DLC</subfield>
    <subfield code="d">EG-ScBUE</subfield>
  </datafield>
  <datafield tag="082" ind1="0" ind2="4">
    <subfield code="2">22</subfield>
    <subfield code="a">616.0756</subfield>
    <subfield code="b">PAG</subfield>
  </datafield>
  <datafield tag="100" ind1="1" ind2=" ">
    <subfield code="a">Pagana, Kathleen Deska,</subfield>
    <subfield code="d">1952-</subfield>
  </datafield>
  <datafield tag="245" ind1="1" ind2="0">
    <subfield code="a">Mosby's manual of diagnostic and laboratory tests /</subfield>
    <subfield code="c">Kathleen Deska Pagana, Timothy J. Pagana.</subfield>
  </datafield>
  <datafield tag="246" ind1="3" ind2="0">
    <subfield code="a">Manual of diagnostic and laboratory tests</subfield>
  </datafield>
  <datafield tag="250" ind1=" " ind2=" ">
    <subfield code="a">5th ed.</subfield>
  </datafield>
  <datafield tag="260" ind1=" " ind2=" ">
    <subfield code="a">Missouri :</subfield>
    <subfield code="b">Elsevier / Mosby,</subfield>
    <subfield code="c">c.2014.</subfield>
  </datafield>
  <datafield tag="300" ind1=" " ind2=" ">
    <subfield code="a">xx, 1180 p. :</subfield>
    <subfield code="b">ill. ;</subfield>
    <subfield code="c">24 cm.</subfield>
  </datafield>
  <datafield tag="500" ind1=" " ind2=" ">
    <subfield code="a">Index : p. 1158-1180.</subfield>
  </datafield>
  <datafield tag="504" ind1=" " ind2=" ">
    <subfield code="a">Bibliography : p. 1132-1134.</subfield>
  </datafield>
  <datafield tag="505" ind1="0" ind2=" ">
    <subfield code="a">Guidelines for proper test preparation and performance -- Blood studies -- Electrodiagnostic tests -- Endoscopic studies -- Fluid analysis studies -- Manometric studies -- Microscopic studies and associated testing -- Nuclear scanning -- Stool tests -- Ultrasound studies -- Urine studies -- X-ray studies -- Miscellaneous studies.</subfield>
  </datafield>
  <datafield tag="520" ind1=" " ind2=" ">
    <subfield code="a">This reference handbook offers clear, concise coverage of over 700 of the most commonly performed diagnostic and laboratory tests -including 39 new to this edition. Trusted authors, Kathleen Pagana, PhD, RN and Timothy Pagana, MD, FACS, bring together a comprehensive collection of full color designs, illustrations and photos to show exactly how various tests are performed. Related tests are grouped by chapter and presented in a consistent format to facilitate a full understanding of each type of diagnostic test. New to this edition: NEW! Unique front section on coding for diagnostic and laboratory tests (ICD-10) provides explanations of the coding requirements and challenges for diagnostic testing along with codes for all tests in the manual. NEW! 39 of the most current laboratory and diagnostic tests have been added to this new edition to reflect current best practices. NEW! Updated photographs and illustrations reflect the latest changes in testing equipment.--</subfield>
  </datafield>
  <datafield tag="650" ind1=" " ind2="7">
    <subfield code="a">Diagnosis, Laboratory</subfield>
    <subfield code="v">Handbooks, manuals, etc.</subfield>
    <subfield code="2">BUEsh</subfield>
    <subfield code="9">12837</subfield>
  </datafield>
  <datafield tag="650" ind1=" " ind2="7">
    <subfield code="a">Diagnosis, Radioscopic</subfield>
    <subfield code="v">Handbooks, manuals, etc.</subfield>
    <subfield code="2">BUEsh</subfield>
  </datafield>
  <datafield tag="650" ind1=" " ind2="7">
    <subfield code="a">Reference values (Medicine)</subfield>
    <subfield code="v">Handbooks, manuals, etc.</subfield>
    <subfield code="2">BUEsh</subfield>
  </datafield>
  <datafield tag="651" ind1=" " ind2=" ">
    <subfield code="2">BUEsh</subfield>
  </datafield>
  <datafield tag="653" ind1=" " ind2=" ">
    <subfield code="b">NNUR</subfield>
    <subfield code="c">December2016</subfield>
  </datafield>
  <datafield tag="700" ind1="1" ind2=" ">
    <subfield code="a">Pagana, Timothy James,</subfield>
    <subfield code="d">1949-</subfield>
  </datafield>
  <datafield tag="942" ind1=" " ind2=" ">
    <subfield code="2">ddc</subfield>
  </datafield>
  <datafield tag="999" ind1=" " ind2=" ">
    <subfield code="c">23701</subfield>
    <subfield code="d">23673</subfield>
  </datafield>
  <datafield tag="952" ind1=" " ind2=" ">
    <subfield code="0">0</subfield>
    <subfield code="1">0</subfield>
    <subfield code="2">ddc</subfield>
    <subfield code="4">0</subfield>
    <subfield code="7">0</subfield>
    <subfield code="8">&#x627;&#x64A;&#x645;&#x643;</subfield>
    <subfield code="a">MAIN</subfield>
    <subfield code="b">MAIN</subfield>
    <subfield code="c">1ST</subfield>
    <subfield code="d">2016-12-22</subfield>
    <subfield code="e">Purchase</subfield>
    <subfield code="g">643.00</subfield>
    <subfield code="h">3397</subfield>
    <subfield code="l">0</subfield>
    <subfield code="o">616.0756 PAG</subfield>
    <subfield code="p">000040594</subfield>
    <subfield code="r">2025-07-15 00:00:00</subfield>
    <subfield code="v">803.75</subfield>
    <subfield code="y">BB</subfield>
  </datafield>
</record>
